000 00289nam a2200109Ia 4500
008 190216s9999||||xx |||||||||||||| ||und||
100 _aSmullyan Dietrachson Keys Miller
245 3 _aAn Introduction To Phyiology
260 _bPrentice Hall India
650 _aEnglish General
942 _cBK
999 _c11598
_d11598